000 00918nam a22002537a 4500
005 20240530110413.0
008 150222s2008 ua g b 000 0 ara d
017 _a26372/2007
_bمصر . دار الكتب المصرية
020 _a9971442120
040 _aEG-CaGPL
041 0 _aara
082 0 4 _221
_a610.9\
_bى إ
100 0 _aيوسف زيدان
245 1 0 _aاعادة اكتشاف ابن النفيس /
_cتاليف يوسف زيدان ؛ اشراف داليا محمد ابراهيم
250 _aط1
260 _aالقاهرة :
_bنهضة مصر للطباعة والنشر والتوزيع ،
_c2007
300 _a195 ص ؛
_c24 سم
504 _aببليوجرافية : ص 183 - 192
600 0 _aابن النفيس
650 0 4 _aالطب
_xتاريخ
700 0 _aداليا محمد ابراهيم
_eمشرف
942 _2ddc
_cBK
999 _c60491
_d60491